| 000 | 003790000a22001450004500 | ||
|---|---|---|---|
| 005 | 20240605125723.0 | ||
| 008 | 230817t1985 ||||| |||| 00| 0 eng d | ||
| 082 |
_a305.89 _bMUS |
||
| 245 | _aThe Muslim Community of Sri Lanka | ||
| 260 |
_aColombo: _bMarga Institute, _c1986 |
||
| 300 | _a198 p. | ||
| 650 | _aMUSLIMS-Sri Lanka | ||
| 650 | _aEthnic groups- Sri Lanka | ||
| 942 | _cRP | ||
| 999 |
_c3197 _d3197 |
||